| 000 | 00796nam a2200277 a 4500 | ||
|---|---|---|---|
| 003 | AR-BaBNM | ||
| 005 | 20251128204259.0 | ||
| 008 | 082120s2002 ||||||||||||||000 | spa|| | ||
| 040 | _cAR-BaBNM | ||
| 100 | 1 | _aDillard, Dudley | |
| 245 | 0 | 0 |
_aLa teoría económica de John Maynard Keynes _bteoría de una economia monetaria |
| 260 |
_aMadrid _bAguilar _c1952 |
||
| 300 | _axv, 372 p. | ||
| 500 | _aContiene índice alfabético p. 358-372 | ||
| 650 | 4 | _aCONDICIONES ECONOMICAS | |
| 650 | 4 | _aHISTORIA ECONOMICA | |
| 650 | 4 | _aECONOMISTAS | |
| 650 | 4 | _aSISTEMAS ECONOMICOS | |
| 650 | 4 | _aDESARROLLO ECONOMICO Y SOCIAL | |
| 650 | 4 | _aGUERRAS MUNDIALES | |
| 650 | 4 | _aDINERO | |
| 653 | _aECONOMIA POLITICA | ||
| 700 | 1 |
_aDíaz García, José _etraductor |
|
| 942 | _cBK | ||
| 998 | _cmariana | ||
| 999 |
_c6841 _d6841 |
||